| 000 | 00000nam##2200000za#4500 |
| 001 | 9.642494 |
| 003 | CaOODSP |
| 005 | 20210624223730 |
| 007 | cr ||||||||||| |
| 008 | 150407|1999||||xxc|||||o f|0| 0 fre|d |
| 040 | |aCaOODSP|bfre |
| 043 | |an-cn--- |
| 086 | 1 |aF2-136/1999F-PDF |
| 110 | 1 |aCanada. |bMinistère des finances. |
| 245 | 13|aLa réforme du secteur des services financiers canadien : |h[ressource électronique]|bun cadre pour l'avenir |
| 260 | |aOttawa - Ontario : |bFinances Canada |cLe 25 juin 1999. |
| 500 | |aLe n° de catalogue (F2-136/1999F) et l'ISBN (0-662-83834-3) de l'édition imprimée ont été incorrectement copiés dans l'édition électronique. |
| 590 | |a13-22-Supp|b2013-09-26 |
| 691 | 07|aCompétitivité|2gcpds |
| 691 | 07|aInstitution financière|2gcpds |
| 691 | 07|aPolitique économique|2gcpds |
| 775 | 08|tReforming Canada's financial services sector : |w(CaOODSP)9.698487 |
| 776 | 0#|tLa réforme du secteur des services financiers canadien : |w(CaOODSP)9.680804 |
| 856 | 40|ahttp://publications.gc.ca|qPDF|s522 Ko|uhttps://publications.gc.ca/collections/Collection/F2-136-1999F.pdf |